[Event "C.to Provinciale BS"]
[Site "Ghedi ITA"]
[Date "2013.01.27"]
[Round "2"]
[White "Gaglione, Francesco"]
[Black "Peli, Jordan"]
[WhiteElo "1467"]
[BlackElo "1431"]
[Result "0-1"]
[PlyCount "98"]
[EventDate "2013.01.26"]

1. d4 d6 2. Nc3 g6 3. Bf4 Bg7 4. Nf3 f5 5. e3 c6 6. Be2 d5 7. Ne5 Nd7 8. Nxd7
Bxd7 9. h4 h6 10. g4 b5 11. a3 Nf6 12. g5 Ne4 13. Nxe4 dxe4 14. gxh6 Bxh6 15.
Bxh6 Rxh6 16. h5 g5 17. Qd2 a5 18. O-O-O e6 19. f3 exf3 20. Bxf3 g4 21. Bg2 Qg5
22. e4 Qxd2+ 23. Rxd2 f4 24. e5 f3 25. Bf1 O-O-O 26. Bd3 Be8 27. Be4 Kc7 28.
Rf2 Rxd4 29. Bxf3 gxf3 30. Rxf3 Rxh5 31. Rxh5 Bxh5 32. Rf1 Re4 33. c3 Rxe5 34.
Kd2 c5 35. b4 cxb4 36. axb4 a4 37. Kc2 Re2+ 38. Kb1 Bg6+ 39. Ka1 Bf5 40. Rc1
Kb6 41. c4 Rc2 42. Re1 bxc4 43. b5 Kxb5 44. Re2 Rc3 45. Kb2 Rc2+ 46. Ka3 Rc3+
47. Kb2 Kb4 48. Ka1 Ra3+ 49. Kb2 c3+ 0-1

[Event "C.to Provinciale BS"]
[Site "Ghedi ITA"]
[Date "2013.01.27"]
[Round "2"]
[White "Paglia, Angelo"]
[Black "Cristiani, Cesare"]
[WhiteElo "1688"]
[BlackElo "2140"]
[Result "0-1"]
[PlyCount "52"]
[EventDate "2013.01.26"]

1. d4 Nf6 2. Bg5 c5 3. Bxf6 gxf6 4. d5 Qb6 5. Qc1 Bg7 6. g3 f5 7. c3 d6 8. Bg2
Nd7 9. f4 Nf6 10. Nd2 Bd7 11. Nh3 Ng4 12. Nc4 Qa6 13. Ne3 h5 14. Nxg4 fxg4 15.
Nf2 h4 16. Qe3 O-O-O 17. O-O Rde8 18. Nd3 e6 19. Nxc5 dxc5 20. Qxc5+ Kb8 21.
dxe6 Rxe6 22. Rad1 Bc6 23. Qg5 Qb6+ 24. Rf2 hxg3 25. hxg3 Bxg2 26. Qxg7 Rh1+
0-1

[Event "C.to Provinciale BS"]
[Site "Ghedi ITA"]
[Date "2013.01.27"]
[Round "2"]
[White "Zorzi, Samuele"]
[Black "Ricci, Davide"]
[WhiteElo "1667"]
[BlackElo "1407"]
[Result "1/2-1/2"]
[PlyCount "46"]
[EventDate "2013.01.26"]

1. e4 e6 2. d4 d5 3. exd5 exd5 4. Nf3 c6 5. c3 Nf6 6. Bd3 Bd6 7. O-O O-O 8. Bg5
h6 9. Bh4 Bg4 10. Nbd2 Nbd7 11. Qc2 Qc7 12. Bg3 Rfe8 13. Bxd6 Qxd6 14. Rae1 Re7
15. Rxe7 Qxe7 16. Re1 Be6 17. h3 Qd6 18. Nf1 Nb6 19. Ng3 Re8 20. b3 Bd7 21.
Rxe8+ Bxe8 22. Qe2 Bd7 23. Ne5 g6 1/2-1/2

[Event "C.to Provinciale BS"]
[Site "Ghedi ITA"]
[Date "2013.01.27"]
[Round "3"]
[White "Brugaletta, Giorgio"]
[Black "Zorzi, Samuele"]
[WhiteElo "1701"]
[BlackElo "1667"]
[Result "1-0"]
[PlyCount "57"]
[EventDate "2013.01.26"]

1. e4 e6 2. d4 d5 3. e5 c5 4. c3 Nc6 5. Nf3 Bd7 6. Bd3 Qb6 7. Qb3 Qc7 8. Qc2 g6
9. O-O f6 10. exf6 Nxf6 11. Bg5 Bg7 12. dxc5 Ne5 13. Nxe5 Qxe5 14. Bxf6 Bxf6
15. Nd2 Rc8 16. Rae1 Qh5 17. Nf3 Rxc5 18. Qb3 Rc7 19. Bb5 Bxb5 20. Qxb5+ Kf7
21. Qb4 Rd7 22. Qf4 g5 23. Qa4 Re7 24. Ne5+ Bxe5 25. Rxe5 a6 26. f4 Rg8 27.
fxg5+ Kg7 28. Qd4 Qe8 29. Rxe6# 1-0

[Event "C.to Provinciale BS"]
[Site "Ghedi ITA"]
[Date "2013.01.27"]
[Round "3"]
[White "Cristiani, Cesare"]
[Black "Poletti, Fausto"]
[WhiteElo "2140"]
[BlackElo "1900"]
[Result "0-1"]
[PlyCount "56"]
[EventDate "2013.01.26"]

1. d4 Nf6 2. c4 g6 3. f3 Bg7 4. e4 d6 5. Nc3 O-O 6. Be3 Nc6 7. Qd2 e5 8. Nge2
Ne8 9. d5 Ne7 10. Nc1 f5 11. Bd3 Nf6 12. Nb3 Rf7 13. O-O f4 14. Bf2 g5 15. c5
h5 16. Rfc1 Ng6 17. Kf1 Bf8 18. cxd6 Bxd6 19. Nb5 g4 20. Ke2 h4 21. h3 gxf3+
22. gxf3 Nh5 23. Nxd6 cxd6 24. Rh1 Ng3+ 25. Bxg3 fxg3 26. Qe3 Nf4+ 27. Kd1 Bxh3
28. Rc1 Bg2 0-1

[Event "C.to Provinciale BS"]
[Site "Ghedi ITA"]
[Date "2013.01.27"]
[Round "3"]
[White "Dieli, Alberto"]
[Black "Barucco, Mattia"]
[WhiteElo "1953"]
[BlackElo "2000"]
[Result "0-1"]
[PlyCount "86"]
[EventDate "2013.01.26"]

1. e4 e6 2. d4 d5 3. Nc3 Nf6 4. e5 Nfd7 5. Nce2 c5 6. c3 Nc6 7. Nf3 Qb6 8. Qa4
Be7 9. g3 O-O 10. Bh3 cxd4 11. cxd4 Bb4+ 12. Bd2 Bxd2+ 13. Nxd2 Kh8 14. Qb3 Qa6
15. Bg4 f6 16. f4 fxe5 17. fxe5 Ndxe5 18. dxe5 Nxe5 19. Bf3 Nd3+ 20. Kf1 e5 21.
Qxd5 Bh3+ 22. Kg1 Qb6+ 23. Nd4 Rad8 24. Nc4 Rxd5 25. Nxb6 Rxd4 26. Bg2 Bxg2 27.
Kxg2 Rf2+ 28. Kh3 axb6 29. Rhf1 h5 30. Rxf2 Nxf2+ 31. Kg2 Ng4 32. h3 Rd2+ 33.
Kf3 Nf6 34. b4 Rd3+ 35. Kg2 e4 36. g4 hxg4 37. hxg4 Nxg4 38. Rh1+ Kg8 39. Rh5
Ne3+ 40. Kf2 Nd5 41. Re5 e3+ 42. Kf3 Nxb4 43. a3 Nc6 0-1

[Event "C.to Provinciale BS"]
[Site "Ghedi ITA"]
[Date "2013.01.27"]
[Round "3"]
[White "Dieli, Riccardo"]
[Black "Mondal, Prince"]
[WhiteElo "1862"]
[BlackElo "1938"]
[Result "0-1"]
[PlyCount "90"]
[EventDate "2013.01.26"]

1. Nf3 Nf6 2. d4 g6 3. Nc3 d5 4. g3 Bg7 5. Bg2 O-O 6. O-O c6 7. Re1 Ne4 8. Nxe4
dxe4 9. Ng5 f5 10. c3 Qb6 11. b4 Qd8 12. Qb3+ Qd5 13. Qxd5+ cxd5 14. a4 h6 15.
Nh3 Be6 16. Ba3 Nd7 17. b5 Bf6 18. a5 g5 19. f3 Rfc8 20. Bb4 Rc4 21. e3 exf3
22. Bf1 Rcc8 23. Nf2 h5 24. Nd3 Bf7 25. Kf2 g4 26. Rec1 b6 27. Nf4 Bg5 28. Ra2
Nf6 29. Bd3 Ne4+ 30. Bxe4 dxe4 31. Rd2 Bc4 32. Ng6 Rc7 33. Ra1 Rb8 34. axb6
axb6 35. d5 Rd8 36. Ra6 Bxd5 37. Rxb6 e6 38. Ne5 h4 39. c4 hxg3+ 40. hxg3 Bf6
41. Nxg4 fxg4 42. cxd5 Rh7 43. Kg1 Bg5 44. Kf1 Bxe3 45. dxe6 Rh1# 0-1

[Event "C.to Provinciale BS"]
[Site "Ghedi ITA"]
[Date "2013.01.27"]
[Round "3"]
[White "Frugoni, Giulio"]
[Black "Paglia, Angelo"]
[WhiteElo "1627"]
[BlackElo "1688"]
[Result "0-1"]
[PlyCount "80"]
[EventDate "2013.01.26"]

1. Nf3 Nf6 2. d4 g6 3. c4 Bg7 4. Nc3 d5 5. Bg5 c6 6. e3 O-O 7. h3 Bf5 8. Be2
Re8 9. Ne5 Nbd7 10. Ng4 Bxg4 11. hxg4 e5 12. Bh6 exd4 13. Qxd4 c5 14. Qf4 d4
15. Bxg7 dxc3 16. Bxf6 Qxf6 17. Qxf6 Nxf6 18. bxc3 Rad8 19. Rd1 Rxd1+ 20. Kxd1
Ne4 21. Ke1 Nxc3 22. Kd2 Nxe2 23. Kxe2 Re4 24. Kd3 Rxg4 25. g3 f5 26. Re1 Re4
27. f3 Re7 28. e4 fxe4+ 29. Rxe4 Kf7 30. Rf4+ Ke8 31. Re4 Kd7 32. Rxe7+ Kxe7
33. Ke4 Ke6 34. a4 b6 35. f4 h5 36. Ke3 Kf5 37. Kf3 a6 38. Ke3 Kg4 39. Kf2 h4
40. gxh4 Kxf4 0-1

[Event "C.to Provinciale BS"]
[Site "Ghedi ITA"]
[Date "2013.01.27"]
[Round "3"]
[White "Onger, Nicola"]
[Black "Cattaneo, Ugo"]
[WhiteElo "1761"]
[BlackElo "1823"]
[Result "1-0"]
[PlyCount "34"]
[EventDate "2013.01.26"]

1. e4 e5 2. Nf3 Nc6 3. Bb5 Bc5 4. O-O d6 5. c3 Bd7 6. d4 exd4 7. cxd4 Bb6 8.
Re1 Nce7 9. Bc4 Be6 10. Qb3 Qd7 11. Be3 d5 12. exd5 Bxd5 13. Ne5 Bxc4 14. Qxc4
Qd5 15. Qa4+ c6 16. Nc3 Qa5 17. Qc4 Bc7 1-0

[Event "C.to Provinciale BS"]
[Site "Ghedi ITA"]
[Date "2013.01.27"]
[Round "3"]
[White "Peli, Jordan"]
[Black "Zorzi, Aristide"]
[WhiteElo "1431"]
[BlackElo "1765"]
[Result "0-1"]
[PlyCount "66"]
[EventDate "2013.01.26"]

1. e4 c5 2. c3 Nc6 3. Nf3 g6 4. d4 cxd4 5. cxd4 d5 6. e5 Bg4 7. h3 Bxf3 8. gxf3
Qb6 9. Nc3 e6 10. Bb5 a6 11. Qa4 Rc8 12. Bxc6+ Qxc6 13. a3 Qxa4 14. Nxa4 Rc4
15. Nc5 Bxc5 16. dxc5 Rxc5 17. Be3 Rc6 18. Bg5 h6 19. Be3 Ne7 20. O-O Nf5 21.
Rac1 Rxc1 22. Rxc1 Kd7 23. Bb6 Rc8 24. Rxc8 Kxc8 25. Kg2 Kd7 26. a4 Kc6 27. a5
d4 28. f4 Kd5 29. Kf3 Kc4 30. Ke2 Nh4 31. b3+ Kc3 32. Bd8 d3+ 33. Kd1 Ng2 0-1

[Event "C.to Provinciale BS"]
[Site "Ghedi ITA"]
[Date "2013.01.27"]
[Round "3"]
[White "Ricci, Davide"]
[Black "Domenighini, Alessandro"]
[WhiteElo "1407"]
[BlackElo "1741"]
[Result "1/2-1/2"]
[PlyCount "67"]
[EventDate "2013.01.26"]

1. d4 d5 2. c4 c6 3. Nc3 e6 4. Nf3 Bb4 5. Bd2 Bxc3 6. Bxc3 dxc4 7. e3 b5 8. Be2
Nf6 9. Nd2 Nd5 10. Ne4 Nxc3 11. bxc3 O-O 12. h4 Nd7 13. g4 f5 14. Ng3 f4 15.
exf4 Rxf4 16. g5 Qf8 17. f3 Nb6 18. h5 Nd5 19. Qd2 Rxf3 20. Bxf3 Qxf3 21. Rg1
Qxc3 22. Qxc3 Nxc3 23. Kd2 Nd5 24. Ne4 Bd7 25. h6 g6 26. Raf1 Rf8 27. Rxf8+
Kxf8 28. Rf1+ Ke7 29. Nc5 Bc8 30. Ne4 Bd7 31. Nc5 Be8 32. Re1 Bf7 33. Rf1 a5
34. Nb7 1/2-1/2

[Event "C.to Provinciale BS"]
[Site "Ghedi ITA"]
[Date "2013.02.02"]
[Round "4"]
[White "Cristiani, Cesare"]
[Black "Ricci, Davide"]
[WhiteElo "2140"]
[BlackElo "1407"]
[Result "1-0"]
[PlyCount "27"]
[EventDate "2013.01.26"]

1. d4 d5 2. c4 c6 3. Nf3 Nf6 4. e3 Bf5 5. Nc3 h6 6. Qb3 b6 7. cxd5 Nxd5 8. Nxd5
cxd5 9. Bb5+ Nd7 10. Qxd5 a6 11. Bc6 Be6 12. Qe4 Rb8 13. d5 f5 14. Qxe6 1-0

[Event "C.to Provinciale BS"]
[Site "Ghedi ITA"]
[Date "2013.02.02"]
[Round "4"]
[White "Gaglione, Francesco"]
[Black "Frugoni, Giulio"]
[WhiteElo "1467"]
[BlackElo "1627"]
[Result "0-1"]
[PlyCount "62"]
[EventDate "2013.01.26"]

1. d4 d5 2. Nc3 Nf6 3. Bf4 c5 4. Nf3 e6 5. e3 a6 6. Be2 Nc6 7. O-O Be7 8. Ne5
cxd4 9. Nxc6 bxc6 10. exd4 O-O 11. Bg4 Nxg4 12. Qxg4 e5 13. Qg3 exf4 14. Qxf4
Bd6 15. Qf3 Qb6 16. Qd3 Qd8 17. Ne2 f5 18. c4 Rf6 19. cxd5 Bxh2+ 20. Kxh2 Rh6+
21. Kg1 Qh4 22. Qh3 Qf6 23. Qe3 Bd7 24. dxc6 Bxc6 25. Qb3+ Kh8 26. d5 Qd6 27.
Rfd1 Qh2+ 28. Kf1 Bb5 29. Rd3 Re8 30. a4 Qe5 31. Re3 Rh1# 0-1

[Event "C.to Provinciale BS"]
[Site "Ghedi ITA"]
[Date "2013.02.02"]
[Round "4"]
[White "Mondal, Prince"]
[Black "Barucco, Mattia"]
[WhiteElo "1938"]
[BlackElo "2000"]
[Result "1/2-1/2"]
[PlyCount "43"]
[EventDate "2013.01.26"]

1. e4 e6 2. d4 d5 3. e5 c5 4. c3 Nc6 5. Nf3 Bd7 6. Be2 Nh6 7. a3 Nf5 8. b4 cxd4
9. cxd4 Qb6 10. Be3 Rc8 11. g4 Nxe3 12. fxe3 Be7 13. Nbd2 Nd8 14. Rc1 Rxc1 15.
Qxc1 O-O 16. Bd3 Bb5 17. Bc2 Qc6 18. Qb2 f6 19. exf6 gxf6 20. Rg1 Kh8 21. Qb1
Qc3 22. Qb3 1/2-1/2

[Event "C.to Provinciale BS"]
[Site "Ghedi ITA"]
[Date "2013.02.02"]
[Round "4"]
[White "Paglia, Angelo"]
[Black "Domenighini, Alessandro"]
[WhiteElo "1688"]
[BlackElo "1741"]
[Result "0-1"]
[PlyCount "68"]
[EventDate "2013.01.26"]

1. e4 g6 2. d4 Bg7 3. c4 d6 4. Nc3 Nf6 5. Nge2 O-O 6. Ng3 Na6 7. Be2 c5 8. d5
h5 9. Bg5 Bg4 10. f3 Bd7 11. Qd2 Kh7 12. Nf1 Rh8 13. Ne3 Nc7 14. a4 a5 15.
O-O-O Rb8 16. h4 Na6 17. Rdg1 Kg8 18. g4 hxg4 19. fxg4 Nb4 20. Kb1 Qe8 21. h5
Nh7 22. h6 Bxc3 23. Qxc3 f6 24. Bf4 g5 25. Bg3 Qg6 26. Nf5 Bxf5 27. exf5 Qe8
28. Re1 Qxa4 29. Bf3 Kf7 30. Re2 b5 31. Rhe1 Rhe8 32. cxb5 Qxb5 33. Re6 Nd3 34.
Be2 Qxb2+ 0-1

[Event "C.to Provinciale BS"]
[Site "Ghedi ITA"]
[Date "2013.02.02"]
[Round "4"]
[White "Poletti, Fausto"]
[Black "Onger, Nicola"]
[WhiteElo "1900"]
[BlackElo "1761"]
[Result "1/2-1/2"]
[PlyCount "97"]
[EventDate "2013.01.26"]

1. c4 c6 2. Nf3 Nf6 3. Nc3 d5 4. e3 Bf5 5. d4 e6 6. Bd3 Bxd3 7. Qxd3 Nbd7 8.
O-O Be7 9. e4 dxe4 10. Nxe4 Nxe4 11. Qxe4 Nf6 12. Qe2 Qc7 13. Bg5 Rd8 14. Rfd1
O-O 15. Rd2 h6 16. Bh4 Rfe8 17. Rad1 Qf4 18. Bg3 Qf5 19. Qe5 Qg4 20. Qc7 Bb4
21. Rd3 Rd7 22. Qf4 Qxf4 23. Bxf4 Red8 24. a3 Ba5 25. Ne5 Re7 26. Bd2 Bc7 27.
Bb4 Bd6 28. Bxd6 Rxd6 29. f3 Nd7 30. Kf2 Nf6 31. Ke3 Kf8 32. b4 Rc7 33. Rc1 Ke7
34. h4 Nd7 35. Ng4 Nf6 36. Nxf6 Kxf6 37. Ke4 Ke7 38. g4 f6 39. f4 Rd8 40. Rcd1
b5 41. Rc1 Rdc8 42. Rdc3 a6 43. f5 Kd6 44. cxb5 exf5+ 45. Kxf5 axb5 46. Rc5 Re8
47. R1c3 Re2 48. Rf3 Rce7 49. Rfc3 1/2-1/2

[Event "C.to Provinciale BS"]
[Site "Ghedi ITA"]
[Date "2013.02.02"]
[Round "4"]
[White "Zorzi, Aristide"]
[Black "Dieli, Riccardo"]
[WhiteElo "1765"]
[BlackElo "1862"]
[Result "1-0"]
[PlyCount "69"]
[EventDate "2013.01.26"]

1. e4 c5 2. Nf3 Nc6 3. d4 cxd4 4. Nxd4 g6 5. Nc3 Bg7 6. Be3 a6 7. Be2 d6 8. Qd2
Nxd4 9. Bxd4 Nf6 10. f3 O-O 11. g4 b5 12. g5 Nh5 13. Bxg7 Nxg7 14. f4 Bb7 15.
h4 Qa5 16. h5 Nf5 17. Rh3 b4 18. Nd5 Bxd5 19. exf5 Qc5 20. O-O-O Rfc8 21. Bd3
Bxa2 22. hxg6 Qa5 23. gxf7+ Bxf7 24. Qh2 Qa1+ 25. Kd2 Qxb2 26. f6 Rxc2+ 27.
Bxc2 Bg6 28. Rc1 Rc8 29. Kd1 Rc4 30. f7+ Kf8 31. Qd2 Rd4 32. Rd3 Bh5+ 33. Ke1
Re4+ 34. Re3 Rd4 35. Bd3 1-0

[Event "C.to Provinciale BS"]
[Site "Ghedi ITA"]
[Date "2013.02.02"]
[Round "4"]
[White "Zorzi, Samuele"]
[Black "Caceffo, Daniele"]
[WhiteElo "1667"]
[BlackElo "1419"]
[Result "1-0"]
[PlyCount "109"]
[EventDate "2013.01.26"]

1. e4 c5 2. Nf3 Nc6 3. d4 cxd4 4. Nxd4 Nf6 5. Nc3 d6 6. Bb5 Bd7 7. Bg5 Qb6 8.
Bxf6 exf6 9. Bxc6 bxc6 10. Nb3 Be7 11. O-O O-O 12. Qf3 g6 13. Rfe1 Rfe8 14.
Rad1 Rad8 15. Qf4 c5 16. Nd5 Qb8 17. Nxe7+ Rxe7 18. Qxd6 Qxd6 19. Rxd6 Re6 20.
Rxe6 Bxe6 21. Nxc5 Bxa2 22. b3 Rc8 23. Ra1 Rxc5 24. Rxa2 h5 25. f3 Kf8 26. Kf2
Ke8 27. Ke2 Rg5 28. g3 Rc5 29. c4 Rc7 30. Kd2 Rd7+ 31. Kc2 Kd8 32. Ra5 Ke7 33.
Rd5 Rc7 34. Kc3 Rc6 35. b4 Ra6 36. Ra5 Rxa5 37. bxa5 Kd6 38. Kd4 a6 39. g4 h4
40. f4 h3 41. e5+ fxe5+ 42. fxe5+ Kc6 43. g5 Kd7 44. Kd5 Kc7 45. c5 Kd7 46. c6+
Ke7 47. Kd4 Kd8 48. Kc5 Kc7 49. Kd5 Kd8 50. Kd6 f5 51. exf6 Kc8 52. f7 Kb8 53.
f8=Q+ Ka7 54. Qe7+ Kb8 55. Qb7# 1-0

[Event "C.to Provinciale BS"]
[Site "Ghedi ITA"]
[Date "2013.02.03"]
[Round "5"]
[White "Barucco, Mattia"]
[Black "Poletti, Fausto"]
[WhiteElo "2000"]
[BlackElo "1900"]
[Result "1-0"]
[PlyCount "45"]
[EventDate "2013.01.26"]

1. e4 c5 2. Nc3 Nc6 3. g3 g6 4. Bg2 Bg7 5. d3 e6 6. f4 d6 7. Nf3 Nge7 8. O-O
O-O 9. Be3 Nd4 10. e5 Nec6 11. Ne4 dxe5 12. Nxe5 Nxe5 13. fxe5 Bxe5 14. c3 Nf5
15. Bxc5 Nd6 16. d4 Nxe4 17. Bxf8 Bd6 18. Bh6 Nf6 19. Qf3 Be7 20. Bg5 Kg7 21.
Rf2 h6 22. Bxf6+ Bxf6 23. Raf1 1-0

[Event "C.to Provinciale BS"]
[Site "Ghedi ITA"]
[Date "2013.02.03"]
[Round "5"]
[White "Bossoni, Mario"]
[Black "Mondal, Prince"]
[WhiteElo "1949"]
[BlackElo "1938"]
[Result "1/2-1/2"]
[PlyCount "201"]
[EventDate "2013.01.26"]

1. e4 c5 2. d4 cxd4 3. c3 Nf6 4. e5 Nd5 5. Qxd4 e6 6. Nf3 Nc6 7. Qe4 d6 8. exd6
Bxd6 9. Bd3 Nf6 10. Qe2 Qc7 11. Bg5 Nd5 12. O-O Nf4 13. Bxf4 Bxf4 14. Na3 a6
15. Rad1 Ne5 16. Nxe5 Qxe5 17. Qxe5 Bxe5 18. Nc4 Bc7 19. Be4 Ke7 20. Rfe1 Rb8
21. Ne3 Rd8 22. Rxd8 Bxd8 23. Bc2 g6 24. c4 Bd7 25. b4 Bc6 26. Nd5+ Kd7 27. Nc3
Kc7 28. b5 Be8 29. Rd1 Be7 30. Rb1 axb5 31. cxb5 Rc8 32. Bd3 Rd8 33. b6+ Kb8
34. Be2 Rc8 35. Nb5 Rc2 36. Kf1 Bc5 37. a4 Bc6 38. Ke1 Bxb6 39. Kd1 Rc5 40. f3
Ba5 41. Rb3 Bd5 42. Rb2 Bd8 43. Rb1 Bg5 44. Bd3 Ba2 45. Rb2 Bc4 46. Be4 f5 47.
Bb1 Rd5+ 48. Ke1 Bf6 49. Rd2 Re5+ 50. Kf2 Bg5 51. Rb2 Be3+ 52. Kg3 f4+ 53. Kg4
h6 54. h4 Rc5 55. Nd6 Bd5 56. Ne4 Ra5 57. Bc2 e5 58. Kh3 Bd4 59. Rb5 Be6+ 60.
Kh2 Rxb5 61. axb5 Bf5 62. Bb3 Kc7 63. Bg8 Kb6 64. Bd5 Bd7 65. Bf7 Bf5 66. Bc4
Kc7 67. g4 Bxe4 68. fxe4 f3 69. Kg3 f2 70. Bf1 Kd6 71. Kg2 Kc5 72. Kf3 g5 73.
hxg5 hxg5 74. Kg2 Kb4 75. Kf3 Kc3 76. Be2 Kd2 77. Bc4 Ke1 78. Kg2 Bc5 79. Bf1
Kd2 80. Kf3 Bd4 81. Bc4 Ke1 82. Kg2 Bb2 83. Bd3 Bc1 84. Bc4 Bf4 85. Bd3 Be3 86.
Bc4 Bf4 87. Bf1 Bh2 88. Bc4 Bg1 89. Bf1 Kd2 90. Kf3 b6 91. Bc4 Kc3 92. Bf1 Kd4
93. Be2 Bh2 94. Bf1 Bg1 95. Be2 Kc3 96. Bf1 Kd2 97. Bc4 Kd1 98. Bf1 Ke1 99. Kg2
Bh2 100. Bc4 Bf4 101. Bf1 1/2-1/2

[Event "C.to Provinciale BS"]
[Site "Ghedi ITA"]
[Date "2013.02.03"]
[Round "5"]
[White "Dieli, Riccardo"]
[Black "Peli, Jordan"]
[WhiteElo "1862"]
[BlackElo "1431"]
[Result "1-0"]
[PlyCount "79"]
[EventDate "2013.01.26"]

1. Nf3 Nf6 2. d4 g6 3. Nc3 d5 4. g3 Bg7 5. Bg2 O-O 6. O-O c6 7. Re1 Bf5 8. Bf4
Nbd7 9. Rc1 Ne4 10. Nh4 Nxc3 11. bxc3 Be6 12. Qd2 Re8 13. Bh6 Bh8 14. Nf3 Qa5
15. Ng5 Bf5 16. f3 f6 17. g4 Bxg4 18. fxg4 fxg5 19. Bxg5 e5 20. e3 e4 21. h4
Bg7 22. Rb1 b5 23. Bf4 Rac8 24. Bd6 Nb6 25. Bb4 Qa6 26. g5 Bf8 27. Bh3 Rcd8 28.
Qf2 Bxb4 29. cxb4 Rf8 30. Be6+ Kg7 31. Qg3 Nd7 32. Qd6 Qc8 33. Rf1 Qb8 34. Qe7+
Kh8 35. Rxf8+ Rxf8 36. Kg2 Qd8 37. Qxd7 Qxd7 38. Bxd7 Rf3 39. Re1 h5 40. Bxc6
1-0

[Event "C.to Provinciale BS"]
[Site "Ghedi ITA"]
[Date "2013.02.03"]
[Round "5"]
[White "Domenighini, Alessandro"]
[Black "Cristiani, Cesare"]
[WhiteElo "1741"]
[BlackElo "2140"]
[Result "0-1"]
[PlyCount "98"]
[EventDate "2013.01.26"]

1. d4 f5 2. c4 Nf6 3. Nf3 g6 4. e3 Bg7 5. Be2 d6 6. O-O O-O 7. Nbd2 Nc6 8. Rb1
a5 9. a3 e5 10. d5 Ne7 11. b3 h6 12. Bb2 g5 13. h3 Ng6 14. Nh2 Bd7 15. Qc2 Qe8
16. Rfe1 h5 17. Qd1 g4 18. hxg4 hxg4 19. g3 Bh6 20. Bf1 e4 21. Rc1 b6 22. Nb1
Ne5 23. Bxe5 Qxe5 24. Nc3 Qe8 25. Ne2 Qh5 26. Bg2 Kf7 27. Nf1 Rh8 28. b4 axb4
29. axb4 Ra2 30. Ra1 Rha8 31. Rxa2 Rxa2 32. Qb3 Ra7 33. b5 Bg7 34. Nf4 Qh8 35.
Nd2 Qa8 36. Nb1 Ra1 37. Rd1 Bc8 38. Ne2 Nd7 39. Nd4 Nc5 40. Qc2 Ra2 41. Qc3 Qa4
42. Rf1 Be5 43. Qc1 Nd3 44. Qc3 Bd7 45. Bh1 Rb2 46. Qa3 Qxc4 47. Qa8 Bxd4 48.
exd4 Nxf2 49. Qh8 Nh3+ 0-1

[Event "C.to Provinciale BS"]
[Site "Ghedi ITA"]
[Date "2013.02.03"]
[Round "5"]
[White "Frugoni, Giulio"]
[Black "Cattaneo, Ugo"]
[WhiteElo "1627"]
[BlackElo "1823"]
[Result "0-1"]
[PlyCount "68"]
[EventDate "2013.01.26"]

1. Nf3 Nf6 2. d4 d5 3. c4 e6 4. Nc3 Be7 5. Bf4 Nh5 6. Bd2 Nd7 7. cxd5 Nb6 8.
dxe6 Bxe6 9. b3 O-O 10. e4 c6 11. Bd3 g6 12. Ne2 Bg4 13. Ne5 Bxe2 14. Bxe2 Qxd4
15. Bxh5 Qxe5 16. Bf3 Rad8 17. Rc1 Bb4 18. Rc2 Rd6 19. Qc1 Rxd2 20. Rxd2 Rd8
21. O-O Rxd2 22. a3 Bd6 23. g3 Qb2 24. Qe1 Bxa3 25. Qe3 Qd4 26. Qf4 Bc5 27. Bh1
Nd7 28. h4 Ne5 29. h5 Nd3 30. Qg4 Nxf2 31. Qc8+ Kg7 32. h6+ Kxh6 33. Kh2 Nxh1+
34. Kxh1 Qxe4+ 0-1

[Event "C.to Provinciale BS"]
[Site "Ghedi ITA"]
[Date "2013.02.03"]
[Round "5"]
[White "Ricci, Davide"]
[Black "Gaglione, Francesco"]
[WhiteElo "1407"]
[BlackElo "1467"]
[Result "0-1"]
[PlyCount "118"]
[EventDate "2013.01.26"]

1. d4 f5 2. c4 e6 3. Nc3 Nf6 4. Nf3 d5 5. e3 c5 6. Qb3 b6 7. cxd5 Nxd5 8. Bc4
Bb7 9. Nxd5 Bxd5 10. Bxd5 Qxd5 11. Qxd5 exd5 12. Bd2 Nc6 13. Rc1 Be7 14. a3 O-O
15. dxc5 bxc5 16. Bc3 Rfe8 17. O-O Rad8 18. Rfd1 Kf7 19. g3 g5 20. Ne5+ Nxe5
21. Bxe5 c4 22. Bd4 Bf6 23. Kg2 Bxd4 24. Rxd4 Re4 25. Rcd1 Rxd4 26. Rxd4 Ke6
27. h4 Rb8 28. Rd2 h6 29. f4 g4 30. Kf2 Rb3 31. Ke2 c3 32. bxc3 Rxa3 33. Rc2 a5
34. c4 a4 35. c5 Rb3 36. Kd2 d4 37. c6 dxe3+ 38. Ke2 Rb8 39. Kxe3 Kd6 40. c7
Rc8 41. Ra2 Rxc7 42. Rxa4 Rc3+ 43. Kf2 Rc2+ 44. Kg1 Kd5 45. Rb4 h5 46. Ra4 Rc4
47. Rxc4 Kxc4 48. Kf2 Kd4 49. Ke2 Ke4 50. Kf2 Kd3 51. Kg2 Ke2 52. Kh2 Kf2 53.
Kh1 Kxg3 54. Kg1 Kxf4 55. Kh2 Kf3 56. Kh1 Ke2 57. Kg2 f4 58. Kg1 f3 59. Kh1 f2
0-1

[Event "C.to Provinciale BS"]
[Site "Ghedi ITA"]
[Date "2013.02.03"]
[Round "5"]
[White "Zorzi, Aristide"]
[Black "Dieli, Alberto"]
[WhiteElo "1765"]
[BlackElo "1953"]
[Result "0-1"]
[PlyCount "50"]
[EventDate "2013.01.26"]

1. e4 e5 2. Nf3 Nc6 3. Bc4 Bc5 4. c3 Nf6 5. d3 d6 6. Bg5 O-O 7. O-O Bg4 8. Nbd2
Qe7 9. b4 Bb6 10. Qb3 h6 11. Bxf6 Qxf6 12. a4 a5 13. Bd5 Be6 14. b5 Ne7 15.
Bxe6 fxe6 16. Nc4 Ng6 17. Nxb6 cxb6 18. d4 Nf4 19. Ne1 exd4 20. cxd4 Ne2+ 21.
Kh1 Nxd4 22. Qb2 Rac8 23. f3 Rc4 24. Rf2 Rfc8 25. Rd2 Rb4 0-1

[Event "C.to Provinciale BS"]
[Site "Ghedi ITA"]
[Date "2013.02.03"]
[Round "6"]
[White "Barucco, Mattia"]
[Black "Onger, Nicola"]
[WhiteElo "2000"]
[BlackElo "1761"]
[Result "1/2-1/2"]
[PlyCount "69"]
[EventDate "2013.01.26"]

1. e4 e5 2. Nf3 Nc6 3. Bc4 Bc5 4. c3 Nf6 5. d3 O-O 6. Bb3 d6 7. Bg5 Be6 8. Bc2
Qe7 9. Nbd2 Bb6 10. Qe2 Rad8 11. Nf1 h6 12. Bd2 d5 13. h3 dxe4 14. dxe4 Rd7 15.
g4 Nh7 16. Ng3 Rfd8 17. Nf5 Qc5 18. Bb3 Bxb3 19. axb3 f6 20. h4 Ne7 21. Be3 Qc6
22. Bxb6 Qxb6 23. Qc4+ Kf8 24. g5 Nxf5 25. exf5 Ke7 26. g6 Nf8 27. Qf7+ Kd6 28.
Rd1+ Kc6 29. Rxd7 Rxd7 30. Qxf8 Qxb3 31. O-O Qd5 32. b4 b6 33. Nh2 Kb7 34. Qe8
Qd3 35. Qe6 1/2-1/2

[Event "C.to Provinciale BS"]
[Site "Ghedi ITA"]
[Date "2013.02.03"]
[Round "6"]
[White "Bossoni, Mario"]
[Black "Cristiani, Cesare"]
[WhiteElo "1949"]
[BlackElo "2140"]
[Result "0-1"]
[PlyCount "76"]
[EventDate "2013.01.26"]

1. e4 e6 2. d4 d5 3. Nc3 Nf6 4. e5 Nfd7 5. f4 c5 6. Nf3 Nc6 7. Be3 Be7 8. Qd2
O-O 9. Be2 cxd4 10. Nxd4 Nxd4 11. Bxd4 Bc5 12. O-O-O a6 13. g4 Bxd4 14. Qxd4
Qc7 15. g5 b5 16. Bf3 Rb8 17. Rhe1 Nb6 18. Ne2 Bd7 19. Qd3 Rfc8 20. Nd4 Nc4 21.
g6 hxg6 22. Rg1 Qa5 23. Kb1 b4 24. Nb3 Qb6 25. h4 Ne3 26. h5 Nxd1 27. Qxd1 Be8
28. hxg6 fxg6 29. Rh1 Rc4 30. Rh4 Qf2 31. Rg4 Rbc8 32. Rg2 Qe3 33. Bg4 Bf7 34.
Rh2 Qxf4 35. Qh1 Kf8 36. Be2 Rxc2 37. Rh8+ Ke7 38. Rxc8 Rxc8 0-1

[Event "C.to Provinciale BS"]
[Site "Ghedi ITA"]
[Date "2013.02.03"]
[Round "6"]
[White "Caceffo, Daniele"]
[Black "Ricci, Davide"]
[WhiteElo "1419"]
[BlackElo "1407"]
[Result "1-0"]
[PlyCount "90"]
[EventDate "2013.01.26"]

1. e4 e6 2. d4 d5 3. Nd2 c5 4. c3 Nc6 5. Bb5 Bd7 6. Bxc6 Bxc6 7. e5 Qb6 8. Ngf3
Ne7 9. Nf1 Nf5 10. Qd2 cxd4 11. Nxd4 Nxd4 12. Qxd4 Bc5 13. Qf4 a5 14. b3 d4 15.
cxd4 Bxd4 16. Be3 Rd8 17. Bxd4 Qxd4 18. Qxd4 Rxd4 19. Ne3 Re4 20. O-O-O Rxe5
21. Nc4 Rc5 22. Kb2 Bd5 23. Rd4 Bxc4 24. Rxc4 Rxc4 25. bxc4 Ke7 26. Rd1 Rc8 27.
Kc3 b5 28. Rd4 bxc4 29. Rxc4 Rxc4+ 30. Kxc4 Kd6 31. Kb5 a4 32. Kxa4 Kc7 33. Kb5
f5 34. Kc5 g5 35. a4 h5 36. a5 g4 37. g3 e5 38. Kd5 f4 39. Kxe5 fxg3 40. fxg3
Kb7 41. Kf5 Ka6 42. Kg5 Kxa5 43. Kxh5 Kb6 44. Kxg4 Kc7 45. h4 Kd7 1-0

[Event "C.to Provinciale BS"]
[Site "Ghedi ITA"]
[Date "2013.02.03"]
[Round "6"]
[White "Cattaneo, Ugo"]
[Black "Zorzi, Aristide"]
[WhiteElo "1823"]
[BlackElo "1765"]
[Result "1-0"]
[PlyCount "36"]
[EventDate "2013.01.26"]

1. e4 c5 2. Nf3 Nc6 3. d4 cxd4 4. Nxd4 e6 5. Nc3 Qc7 6. Ndb5 Qb8 7. Bg5 a6 8.
Nd4 Bb4 9. Nxc6 bxc6 10. Qd4 f6 11. Bd2 Ne7 12. Be2 d5 13. exd5 cxd5 14. Bh5+
Kf8 15. O-O e5 16. Qd3 Bf5 17. Qe2 g6 18. Bg4 Bxc2 1-0